| 000 | 00473nam a22001577a 4500 | ||
|---|---|---|---|
| 020 | _a812040954X | ||
| 082 |
_a624.068 _bKRI _cM-40,P-31 |
||
| 100 |
_aKrishnan, P & Saxena, K.R _937149 |
||
| 245 | _aValue engineering in project management | ||
| 260 |
_aNew Dehli,: _bOxford & IBH Publishing Co., _cc1995. |
||
| 300 |
_a300p.: _c24cm. |
||
| 526 |
_a0 _b0 _c0 _d624_068000000000000_KRI |
||
| 526 |
_a0 _b0 _c0 _d624_068000000000000_KRI |
||
| 650 |
_aMCE _9379 |
||
| 942 |
_2ddc _cBK |
||
| 999 |
_c542050 _d542050 |
||